000 00416nam a22001577a 4500
005 20250809113028.0
008 250809b |||||||| |||| 00| 0 eng d
020 _a9781865080901
_qpbk
041 _aeng
082 _a823.914 HON
100 _aHoney Elizabeth
245 _a45+47 Stella Street And Everything That Happened
_c/ Elizabeth Honey
250 _a1st ed
300 _a171p. :
_c22cm
942 _cENGLISH
999 _c579621
_d579621